000 00824nam a2200229Ia 4500
005 20241129105908.0
008 241129s9999||||xx |||||||||||||| ||und||
020 _a978-93-90885-22-0
037 _aTB
040 _aARTS
_bhin
_cARTS
041 _ahin
_2hin
084 _aO152,3N47:g R2
_qARTS
100 _aतेली, गणपत, संपा.
245 0 _aमुखामुखम: स्वयं प्रकाश से साक्षात्कार
_cतेली, गणपत, संपा.
250 _aदूसरा सस्ंकरण
260 _aनई दिल्ली, भारत
_bकौटिल्य बुक्स
_c2020
300 _a112पृ0
365 _aINR
_b260
650 _aHindi Fiction
942 _cTB
_hO152,3N47:g R2
999 _c1226481
_d1226481